[Event "Hessen-ch Seniors op 09th"]
[Site "Bad Sooden-Allendorf"]
[Date "2013.04.22"]
[Round "3"]
[White "Wieprecht, Gerhard"]
[Black "Schneider, Hans1111"]
[Result "1-0"]
[WhiteElo "1938"]
[BlackElo "1774"]
[PlyCount "43"]
[EventDate "2013.04.20"]
[EventType "swiss"]
[EventRounds "9"]
[EventCountry "GER"]
[SourceTitle "EXT 2019"]
[Source "ChessBase"]
[SourceDate "2018.10.10"]
[SourceVersion "1"]
[SourceVersionDate "2018.10.10"]
[SourceQuality "1"]

1. e4 c5 2. Nf3 Nc6 3. d4 cxd4 4. Nxd4 g6 5. Nc3 Bg7 6. Be3 Nf6 7. Be2 0-0 8. Qd2 d5 9. exd5 Nxd5 10. Nxd5 Qxd5 11. Bf3 Qa5 12. Qxa5 Nxa5 13. Be2 Nc6 14. Nxc6 bxc6 15. 0-0-0 Be6 16. Bf3 Bxa2 17. Bxc6 Rac8 18. Bd5 Bxd5 19. Rxd5 Rb8 20. c3 Ra8 21. Rhd1 e6 22. Rd7 1-0

[Event "Hessen-ch Seniors op 08th"]
[Site "Bad Sooden-Allendorf"]
[Date "2012.04.17"]
[Round "4"]
[White "Wieprecht, Gerhard"]
[Black "Petzold, Hans"]
[Result "0-1"]
[WhiteElo "1939"]
[BlackElo "2141"]
[PlyCount "72"]
[EventDate "2012.04.14"]
[EventType "swiss"]
[EventRounds "9"]
[EventCountry "GER"]
[SourceTitle "EXT 2019"]
[Source "ChessBase"]
[SourceDate "2018.10.10"]
[SourceVersion "1"]
[SourceVersionDate "2018.10.10"]
[SourceQuality "1"]

1. e4 e6 2. d4 d5 3. Nc3 Bb4 4. e5 c5 5. a3 Bxc3+ 6. bxc3 Qc7 7. Nf3 Bd7 8. a4 Qa5 9. Bd2 c4 10. Be2 Bxa4 11. 0-0 b5 12. Qc1 Qc7 13. Re1 Nc6 14. Ng5 h6 15. Nh3 0-0-0 16. Rxa4 bxa4 17. Qa3 Nge7 18. Qxa4 Qa5 19. Ra1 Qxa4 20. Rxa4 Kd7 21. Nf4 g6 22. Bf3 Rb8 23. g3 Rb2 24. Kg2 Rxc2 25. Be1 Rb8 26. Ra1 Rcb2 27. h4 Rb1 28. Rxb1 Rxb1 29. Bd2 Na5 30. Ne2 Nb3 31. Bxh6 a5 32. h5 a4 33. Bg5 gxh5 34. Bxh5 Ng6 35. Nf4 Nxf4+ 36. Bxf4 a3 0-1

[Event "Hessen-ch Seniors op 08th"]
[Site "Bad Sooden-Allendorf"]
[Date "2012.04.15"]
[Round "2"]
[White "Wieprecht, Gerhard"]
[Black "Krueger, Bernhard"]
[Result "1-0"]
[WhiteElo "1939"]
[BlackElo "1778"]
[PlyCount "71"]
[EventDate "2012.04.14"]
[EventType "swiss"]
[EventRounds "9"]
[EventCountry "GER"]
[SourceTitle "EXT 2019"]
[Source "ChessBase"]
[SourceDate "2018.10.10"]
[SourceVersion "1"]
[SourceVersionDate "2018.10.10"]
[SourceQuality "1"]

1. e4 d5 2. exd5 Qxd5 3. Nc3 Qd6 4. Nf3 Nf6 5. d4 a6 6. Be2 b5 7. a3 Bb7 8. 0-0 e6 9. Ne5 Nbd7 10. Bf3 Bxf3 11. Qxf3 Nb6 12. Bf4 Nfd5 13. Bg3 Qe7 14. Rfe1 Qf6 15. Nxd5 Qxf3 16. Nxc7+ Kd8 17. Nxf3 Ra7 18. Nxe6+ fxe6 19. Rxe6 Nc4 20. b3 Kd7 21. Re2 Nxa3 22. Ne5+ Kc8 23. Nc6 Rd7 24. Rae1 Kb7 25. Na5+ Kb6 26. Re6+ Kxa5 27. c3 b4 28. c4 h5 29. R1e5+ Nb5 30. cxb5 axb5 31. Re1 Bd6 32. Ra1+ Kb6 33. Bxd6 Rh6 34. Bc5+ Kb7 35. Rxh6 gxh6 36. Ra7+ 1-0

[Event "Hessen-ch Seniors op 08th"]
[Site "Bad Sooden-Allendorf"]
[Date "2012.04.14"]
[Round "1"]
[White "Peleikis, Horst"]
[Black "Wieprecht, Gerhard"]
[Result "1-0"]
[WhiteElo "2081"]
[BlackElo "1939"]
[PlyCount "89"]
[EventDate "2012.04.14"]
[EventType "swiss"]
[EventRounds "9"]
[EventCountry "GER"]
[SourceTitle "EXT 2019"]
[Source "ChessBase"]
[SourceDate "2018.10.10"]
[SourceVersion "1"]
[SourceVersionDate "2018.10.10"]
[SourceQuality "1"]

1. e4 c5 2. Nf3 Nc6 3. d4 cxd4 4. Nxd4 Nf6 5. Nc3 d6 6. Bc4 e6 7. Be3 Be7 8. f3 0-0 9. Bb3 a6 10. Qd2 Bd7 11. g4 Nxd4 12. Qxd4 Bc6 13. 0-0-0 Qc7 14. h4 Rfd8 15. h5 d5 16. e5 Nd7 17. f4 Bc5 18. Qd2 Bxe3 19. Qxe3 d4 20. Qxd4 Bxh1 21. Rxh1 Nb6 22. Qg1 Qc6 23. Rh3 Rd7 24. g5 Rad8 25. g6 fxg6 26. hxg6 h6 27. f5 Nc4 28. Qf1 b5 29. Rd3 Rf8 30. Rxd7 Qxd7 31. Bxc4 bxc4 32. f6 Qd4 33. f7+ Kh8 34. Ne2 Qxe5 35. Nf4 Qe3+ 36. Kb1 c3 37. b3 Qe5 38. a4 Qf5 39. Qc4 e5 40. Ne6 Qf3 41. Ka2 Rb8 42. Qc7 Ra8 43. Qxe5 Qf6 44. Qxf6 gxf6 45. g7+ 1-0

[Event "Hessen-ch Seniors op 07th"]
[Site "Bad Sooden-Allendorf"]
[Date "2011.05.07"]
[Round "8"]
[White "Lewald, Stephan"]
[Black "Wieprecht, Gerhard"]
[Result "1/2-1/2"]
[WhiteElo "1893"]
[BlackElo "1764"]
[PlyCount "98"]
[EventDate "2011.04.30"]
[EventType "swiss"]
[EventRounds "9"]
[EventCountry "GER"]
[SourceTitle "EXT 2012"]
[Source "ChessBase"]
[SourceDate "2011.11.24"]
[SourceVersion "1"]
[SourceVersionDate "2011.11.24"]
[SourceQuality "1"]

1. e4 c5 2. Nf3 Nc6 3. d4 cxd4 4. Nxd4 Nf6 5. Nc3 d6 6. Bc4 e6 7. Be3 Be7 8. Qe2 0-0 9. 0-0-0 Bd7 10. h3 Nxd4 11. Bxd4 a6 12. e5 dxe5 13. Bxe5 b5 14. Bb3 Qc8 15. Rhe1 b4 16. Bxf6 Bxf6 17. Ne4 Be7 18. Qc4 Bb5 19. Qxc8 Rfxc8 20. Nd6 Bxd6 21. Rxd6 a5 22. a4 bxa3 23. bxa3 a4 24. Ba2 Rc3 25. Re3 Rxe3 26. fxe3 Kf8 27. h4 Ke7 28. Rb6 Bf1 29. g3 Rc8 30. Rb4 Ra8 31. Bc4 Bxc4 32. Rxc4 Ra7 33. Kd2 Kd6 34. Kd3 Ra5 35. Rd4+ Kc6 36. Rb4 Rd5+ 37. Rd4 Ra5 38. Rc4+ Kb6 39. Rb4+ Kc6 40. c4 Kc7 41. Ke4 Kc6 42. Kf3 Rf5+ 43. Ke2 Ra5 44. e4 Re5 45. Kd3 Ra5 46. Kd4 e5+ 47. Kc3 f6 48. Rb1 Ra7 49. g4 h6 1/2-1/2

[Event "Hessen-ch Seniors op 07th"]
[Site "Bad Sooden-Allendorf"]
[Date "2011.05.05"]
[Round "6"]
[White "Duijker, Bert"]
[Black "Wieprecht, Gerhard"]
[Result "0-1"]
[WhiteElo "1788"]
[BlackElo "1764"]
[PlyCount "52"]
[EventDate "2011.04.30"]
[EventType "swiss"]
[EventRounds "9"]
[EventCountry "GER"]
[SourceTitle "EXT 2012"]
[Source "ChessBase"]
[SourceDate "2011.11.24"]
[SourceVersion "1"]
[SourceVersionDate "2011.11.24"]
[SourceQuality "1"]

1. Nf3 Nf6 2. c4 e6 3. g3 d5 4. d4 c5 5. Bg2 Nc6 6. 0-0 cxd4 7. Nxd4 Bc5 8. Nb3 Be7 9. cxd5 exd5 10. Nc3 Be6 11. Nd4 Nxd4 12. Qxd4 0-0 13. Rd1 Rc8 14. Qxa7 Bc5 15. Qa4 Qb6 16. e3 Rfd8 17. Qb5 Bg4 18. Qxb6 Bxb6 19. f3 d4 20. exd4 Bxd4+ 21. Kf1 Be6 22. Ne4 Bc4+ 23. Ke1 Nxe4 24. fxe4 Bf2+ 25. Kxf2 Rxd1 26. Bh3 Be6 0-1

[Event "Hessen-ch Seniors op 07th"]
[Site "Bad Sooden-Allendorf"]
[Date "2011.05.01"]
[Round "2"]
[White "Zoll, Theobald"]
[Black "Wieprecht, Gerhard"]
[Result "1-0"]
[WhiteElo "1535"]
[BlackElo "1764"]
[PlyCount "45"]
[EventDate "2011.04.30"]
[EventType "swiss"]
[EventRounds "9"]
[EventCountry "GER"]
[SourceTitle "EXT 2012"]
[Source "ChessBase"]
[SourceDate "2011.11.24"]
[SourceVersion "1"]
[SourceVersionDate "2011.11.24"]
[SourceQuality "1"]

1. d4 Nf6 2. Bf4 e6 3. Nf3 d5 4. e3 Bd6 5. Ne5 0-0 6. Nd2 c5 7. c3 Nc6 8. Bd3 cxd4 9. exd4 Bd7 10. 0-0 Rc8 11. Re1 h6 12. Nxf7 Rxf7 13. Bxd6 Ne7 14. Bf4 Ne4 15. Be3 Nxd2 16. Qxd2 Nf5 17. Bf4 Qe7 18. g3 Rcf8 19. Be2 Nh4 20. Qe3 Nf5 21. Qd3 g5 22. Be5 Nd6 23. Qg6+ 1-0

[Event "Hessen-ch Seniors op 07th"]
[Site "Bad Sooden-Allendorf"]
[Date "2011.04.30"]
[Round "1"]
[White "Wieprecht, Gerhard"]
[Black "Haubt, Georg"]
[Result "0-1"]
[WhiteElo "1764"]
[BlackElo "2166"]
[PlyCount "78"]
[EventDate "2011.04.30"]
[EventType "swiss"]
[EventRounds "9"]
[EventCountry "GER"]
[SourceTitle "EXT 2012"]
[Source "ChessBase"]
[SourceDate "2011.11.24"]
[SourceVersion "1"]
[SourceVersionDate "2011.11.24"]
[SourceQuality "1"]

1. e4 d6 2. d4 Nf6 3. Nc3 c6 4. Nf3 Bg4 5. Be2 Nbd7 6. 0-0 e5 7. Be3 Be7 8. h3 Bh5 9. Qd2 0-0 10. Rad1 Qc7 11. Nh4 Bxe2 12. Qxe2 g6 13. dxe5 dxe5 14. Bh6 Rfd8 15. Nf3 Bf8 16. Bg5 Bg7 17. Nd2 b5 18. a3 a5 19. Qe3 Nf8 20. Qf3 Rd6 21. Nb3 h6 22. Rxd6 Qxd6 23. Be3 N8d7 24. Rd1 Qe7 25. Rd2 b4 26. Na4 bxa3 27. bxa3 Qxa3 28. Nac5 Nxc5 29. Bxc5 Qa4 30. Be7 Qxe4 31. Qd1 Nd5 32. Nc5 Qc4 33. Rd3 e4 34. Rd2 Bc3 35. Bd6 Rd8 36. Nb7 Rd7 37. Qg4 Nf6 38. Qf4 Bxd2 39. Qxf6 Qe6 0-1

[Event "Hessen-ch Seniors op 05th"]
[Site "Bad Sooden-Allendorf"]
[Date "2009.05.02"]
[Round "8"]
[White "Wieprecht, Gerhard"]
[Black "Busic, Nedjeljko"]
[Result "0-1"]
[WhiteElo "1734"]
[BlackElo "1865"]
[PlyCount "130"]
[EventDate "2009.04.25"]
[EventType "swiss"]
[EventRounds "9"]
[EventCountry "GER"]
[SourceTitle "EXT 2022"]
[Source "ChessBase"]
[SourceDate "2021.10.06"]
[SourceVersion "1"]
[SourceVersionDate "2021.10.06"]
[SourceQuality "1"]

1. e4 d6 2. d4 Nf6 3. Nc3 g6 4. Nf3 Bg7 5. Be2 0-0 6. 0-0 e5 7. dxe5 dxe5 8. Bg5 Nbd7 9. Qd2 a6 10. Rad1 Qe8 11. Rfe1 Nc5 12. Bc4 Bg4 13. Qe3 Bxf3 14. Qxf3 Nh5 15. Nd5 b5 16. Ne7+ Kh8 17. Bd5 f6 18. Be3 Qxe7 19. Bxa8 Rxa8 20. Bxc5 Qxc5 21. Rd5 Qxc2 22. Red1 h6 23. Qe3 Nf4 24. Rd7 Ne2+ 25. Kh1 Nd4 26. Rc1 Qxb2 27. Rxg7 Kxg7 28. Rxc7+ Kg8 29. Qxh6 Qb1+ 30. Rc1 Qxe4 31. h3 Ne6 32. Rd1 Nf8 33. Qd2 Rc8 34. f3 Qc6 35. Qb4 Qc5 36. Qb3+ Qc4 37. Qe3 Qxa2 38. Qb6 Qc2 39. Qd6 Qc6 40. Qd2 e4 41. fxe4 Qxe4 42. Qa2+ Kg7 43. Qxa6 Rc2 44. Qa7+ Kh6 45. Rg1 Ne6 46. Qb8 Nf4 47. h4 g5 48. hxg5+ Kxg5 49. Qxb5+ Nd5 50. Qd7 Qh4+ 51. Qh3 Nf4 52. Qxh4+ Kxh4 53. Rf1 Kg4 54. g3 Kxg3 55. Rg1+ Kf3 56. Rf1+ Rf2 57. Ra1 Nd3 58. Ra3 Ke3 59. Kg1 Rc2 60. Rb3 f5 61. Rb8 f4 62. Re8+ Kf3 63. Re7 Rc1+ 64. Kh2 Nf2 65. Re1 Ng4+ 0-1

[Event "Hessen-ch Seniors op 04th"]
[Site "Bad Sooden-Allendorf"]
[Date "2008.04.28"]
[Round "5"]
[White "Wieprecht, Gerhard"]
[Black "Alefs, Willi"]
[Result "1-0"]
[WhiteElo "1704"]
[BlackElo "1617"]
[PlyCount "49"]
[EventDate "2008.04.24"]
[EventType "swiss"]
[EventRounds "9"]
[EventCountry "GER"]
[SourceTitle "EXT 2022"]
[Source "ChessBase"]
[SourceDate "2021.10.06"]
[SourceVersion "1"]
[SourceVersionDate "2021.10.06"]
[SourceQuality "1"]

1. e4 e5 2. Nf3 Nc6 3. Bb5 d6 4. d4 exd4 5. Nxd4 Bd7 6. Nc3 Nf6 7. 0-0 Be7 8. Bg5 0-0 9. Qd2 h6 10. Nxc6 bxc6 11. Bxf6 Bxf6 12. Bc4 Rb8 13. Bb3 Qe7 14. Rfe1 Rb4 15. Nd5 cxd5 16. Qxb4 c5 17. Qd2 dxe4 18. c3 Bc6 19. Bd5 Bg5 20. Qd1 Bxd5 21. Qxd5 Re8 22. Rad1 e3 23. fxe3 Bxe3+ 24. Kh1 Qh4 25. Qf3 1-0

[Event "Hessen-ch Seniors op 04th"]
[Site "Bad Sooden-Allendorf"]
[Date "2008.04.27"]
[Round "4"]
[White "Oldach, Ehrenfried"]
[Black "Wieprecht, Gerhard"]
[Result "1-0"]
[WhiteElo "1913"]
[BlackElo "1704"]
[PlyCount "87"]
[EventDate "2008.04.24"]
[EventType "swiss"]
[EventRounds "9"]
[EventCountry "GER"]
[SourceTitle "EXT 2022"]
[Source "ChessBase"]
[SourceDate "2021.10.06"]
[SourceVersion "1"]
[SourceVersionDate "2021.10.06"]
[SourceQuality "1"]

1. f4 d5 2. Nf3 Nf6 3. e3 g6 4. b3 Bg7 5. Bb2 0-0 6. Be2 c5 7. 0-0 Nc6 8. Ne5 d4 9. Nxc6 bxc6 10. Bf3 dxe3 11. Bxc6 Bg4 12. Bf3 Bxf3 13. Qxf3 exd2 14. Rd1 Qb6 15. c4 Rad8 16. Nxd2 Nh5 17. Bxg7 Nxg7 18. Ne4 Nf5 19. Qf2 Nd4 20. Rd2 Qc6 21. Nc3 e6 22. Rad1 Rd7 23. Nb5 Rfd8 24. Nxd4 cxd4 25. Rxd4 Rxd4 26. Rxd4 Qb6 27. Rxd8+ Qxd8 28. h3 Qd1+ 29. Kh2 Qd6 30. Qe3 a5 31. c5 Qd5 32. Qe5 Qc6 33. a3 h5 34. b4 axb4 35. axb4 Kf8 36. Qd4 Ke7 37. Qc4 Qa4 38. Qe4 Qb5 39. Qd4 Qc6 40. b5 Qxb5 41. Qd6+ Ke8 42. c6 Qd5 43. Qb8+ Ke7 44. c7 1-0

[Event "Mecklenburg VP-ch Seniors op 06th"]
[Site "Plau am See"]
[Date "2006.10.11"]
[Round "8"]
[White "Jasinski, Viktor"]
[Black "Wieprecht, Gerhard"]
[Result "1-0"]
[WhiteElo "1670"]
[BlackElo "1721"]
[PlyCount "73"]
[EventDate "2006.10.04"]
[EventType "swiss"]
[EventRounds "9"]
[EventCountry "GER"]
[SourceTitle "EXT 2022"]
[Source "ChessBase"]
[SourceDate "2021.10.06"]
[SourceVersion "1"]
[SourceVersionDate "2021.10.06"]
[SourceQuality "1"]

1. d4 Nf6 2. c4 e6 3. Nc3 Bb4 4. Bg5 h6 5. Bxf6 Qxf6 6. a3 Bxc3+ 7. bxc3 c5 8. g3 Nc6 9. e3 0-0 10. Qf3 Qe7 11. Bd3 d6 12. Rb1 Rd8 13. Ne2 cxd4 14. cxd4 d5 15. c5 e5 16. Bb5 exd4 17. Bxc6 bxc6 18. Nxd4 Qxc5 19. 0-0 Bh3 20. Rfc1 Rab8 21. Ra1 Qd6 22. g4 c5 23. Nf5 Qe5 24. Qxh3 d4 25. Qg3 Qf6 26. exd4 cxd4 27. Rab1 Rxb1 28. Rxb1 d3 29. Rd1 Qb2 30. Ne7+ Kf8 31. Nc6 Qc2 32. Qf3 Rd6 33. Ne5 Qc7 34. Nxd3 Qc2 35. Qa8+ Ke7 36. Re1+ Kf6 37. Qf3+ 1-0

[Event "Mecklenburg VP-ch Seniors op 06th"]
[Site "Plau am See"]
[Date "2006.10.10"]
[Round "7"]
[White "Wieprecht, Gerhard"]
[Black "Erdmann, Wolfgang"]
[Result "1-0"]
[WhiteElo "1721"]
[BlackElo "1536"]
[PlyCount "113"]
[EventDate "2006.10.04"]
[EventType "swiss"]
[EventRounds "9"]
[EventCountry "GER"]
[SourceTitle "EXT 2022"]
[Source "ChessBase"]
[SourceDate "2021.10.06"]
[SourceVersion "1"]
[SourceVersionDate "2021.10.06"]
[SourceQuality "1"]

1. e4 d6 2. d4 Nf6 3. Nc3 g6 4. Nf3 Bg7 5. Be2 c6 6. 0-0 b5 7. a3 Nfd7 8. Be3 0-0 9. Qd2 Bb7 10. Rad1 Na6 11. Bh6 e6 12. Bxg7 Kxg7 13. d5 cxd5 14. exd5 e5 15. Bxb5 Nc7 16. Bxd7 Qxd7 17. Rfe1 f6 18. h3 Qf7 19. Nh2 f5 20. Nf3 h6 21. Qe3 Rfd8 22. Nxe5 dxe5 23. Qxe5+ Kg8 24. d6 Ne8 25. Qg3 Rd7 26. Re7 Rxe7 27. dxe7 Qe6 28. Rd8 Kf7 29. Qd3 Qxe7 30. Rd7 Nf6 31. Rxe7+ Kxe7 32. Qe3+ Kf7 33. Qc5 Ne8 34. Qe5 Rc8 35. Nd5 Bxd5 36. Qxd5+ Kf6 37. c4 Rc7 38. f4 Re7 39. c5 Nc7 40. Qd6+ Ne6 41. Qe5+ Kf7 42. c6 Nc7 43. Qd4 Ne6 44. Qc4 Ke8 45. b4 Kd8 46. Qb5 Kc8 47. Qe5 Re8 48. Qd6 Nf8 49. c7 Ne6 50. Qa6+ Kxc7 51. Qxa7+ Kd8 52. Qb8+ Ke7 53. Qe5 Kf7 54. b5 Ra8 55. Qc3 Ra4 56. b6 Ra8 57. b7 1-0

[Event "Hessen-ch Seniors op 02nd"]
[Site "Bad Sooden-Allendorf"]
[Date "2006.04.29"]
[Round "5"]
[White "Schneider, Hans"]
[Black "Wieprecht, Gerhard"]
[Result "1/2-1/2"]
[WhiteElo "1606"]
[BlackElo "1777"]
[PlyCount "45"]
[EventDate "2006.04.25"]
[EventType "swiss"]
[EventRounds "9"]
[EventCountry "GER"]
[SourceTitle "EXT 2007"]
[Source "ChessBase"]
[SourceDate "2006.11.23"]
[SourceVersion "1"]
[SourceVersionDate "2006.11.23"]
[SourceQuality "1"]

1. Nf3 Nf6 2. g3 g6 3. Bg2 Bg7 4. 0-0 0-0 5. d3 d5 6. Nbd2 c6 7. e4 dxe4 8. dxe4 Bg4 9. h3 Bxf3 10. Bxf3 Nbd7 11. Bg2 Qc7 12. Rb1 Rad8 13. Qe2 Nh5 14. Nf3 Ne5 15. g4 Nxf3+ 16. Qxf3 Nf6 17. Be3 b6 18. c4 Nd7 19. Qe2 c5 20. Rbd1 Nb8 21. f4 Nc6 22. e5 e6 23. a3 1/2-1/2

[Event "Cuxhaven Seniors op 1st"]
[Site "Cuxhaven"]
[Date "2006.03.24"]
[Round "9"]
[White "Brandt, Fred"]
[Black "Wieprecht, Gerhard"]
[Result "1/2-1/2"]
[WhiteElo "1673"]
[BlackElo "1757"]
[PlyCount "41"]
[EventDate "2006.03.16"]
[EventType "swiss"]
[EventRounds "9"]
[EventCountry "GER"]
[SourceTitle "EXT 2007"]
[Source "ChessBase"]
[SourceDate "2006.11.23"]
[SourceVersion "1"]
[SourceVersionDate "2006.11.23"]
[SourceQuality "1"]

1. d4 Nf6 2. Nf3 e6 3. e3 d5 4. Bd3 c5 5. c3 Nc6 6. Nbd2 Be7 7. 0-0 0-0 8. Re1 Qc7 9. h3 e5 10. dxe5 Nxe5 11. Nxe5 Qxe5 12. Nf3 Qc7 13. e4 dxe4 14. Bxe4 Nxe4 15. Rxe4 Bf5 16. Re5 Bg6 17. Be3 b6 18. Rd5 Rad8 19. Rxd8 Rxd8 20. Qe1 Bf6 21. Rd1 1/2-1/2

[Event "Cuxhaven Seniors op 1st"]
[Site "Cuxhaven"]
[Date "2006.03.20"]
[Round "5"]
[White "Wieprecht, Gerhard"]
[Black "Goebel, Wolfgang"]
[Result "1-0"]
[WhiteElo "1757"]
[BlackElo "1992"]
[PlyCount "81"]
[EventDate "2006.03.16"]
[EventType "swiss"]
[EventRounds "9"]
[EventCountry "GER"]
[SourceTitle "EXT 2007"]
[Source "ChessBase"]
[SourceDate "2006.11.23"]
[SourceVersion "1"]
[SourceVersionDate "2006.11.23"]
[SourceQuality "1"]

1. e4 g6 2. d4 Bg7 3. Nf3 d6 4. Nc3 Nf6 5. Be2 0-0 6. 0-0 c6 7. h3 a5 8. a3 Qc7 9. Bf4 Nh5 10. Bh2 e5 11. g4 Nf4 12. Bxf4 exf4 13. Qd2 Bh6 14. d5 Qe7 15. Rad1 Rd8 16. Rfe1 f6 17. dxc6 bxc6 18. Bc4+ Be6 19. Bxe6+ Qxe6 20. e5 d5 21. exf6 Qxf6 22. Ne4 Qf8 23. Neg5 Bxg5 24. Nxg5 Qf6 25. Ne6 Rc8 26. Qxf4 Qxf4 27. Nxf4 Ra7 28. Rd2 Kf7 29. Rde2 Na6 30. Nd3 Rcc7 31. Ne5+ Kf6 32. f4 Nc5 33. Nd3 Ne4 34. Nf2 Nc5 35. b4 axb4 36. axb4 Na4 37. Re6+ Kf7 38. g5 Rab7 39. Ng4 Rxb4 40. Nh6+ Kg7 41. Re8 1-0

[Event "Cuxhaven Seniors op 1st"]
[Site "Cuxhaven"]
[Date "2006.03.19"]
[Round "4"]
[White "Klein, Leo"]
[Black "Wieprecht, Gerhard"]
[Result "0-1"]
[WhiteElo "1937"]
[BlackElo "1757"]
[PlyCount "106"]
[EventDate "2006.03.16"]
[EventType "swiss"]
[EventRounds "9"]
[EventCountry "GER"]
[SourceTitle "EXT 2007"]
[Source "ChessBase"]
[SourceDate "2006.11.23"]
[SourceVersion "1"]
[SourceVersionDate "2006.11.23"]
[SourceQuality "1"]

1. d4 Nf6 2. Nf3 e6 3. Bf4 d5 4. e3 Bd6 5. Ne5 c5 6. c3 Nc6 7. Bb5 Qc7 8. Nd2 0-0 9. Ndf3 cxd4 10. exd4 Nd7 11. Nxd7 Bxd7 12. Bg3 Rfe8 13. Bxd6 Qxd6 14. 0-0 a6 15. Ba4 Qf4 16. Re1 Rac8 17. Rc1 b5 18. Bb3 a5 19. Qd3 Nb4 20. Qb1 Nc6 21. Qd3 Nb4 22. Qd1 Nc6 23. g3 Qf6 24. Qd3 g6 25. Qd2 Qxf3 26. Re3 Qf6 27. a3 a4 28. Bd1 Na5 29. Rf3 Qe7 30. Rc2 Nc4 31. Qf4 e5 32. dxe5 Nxe5 33. Re3 Rc4 34. Qh6 d4 35. cxd4 Rxd4 36. Be2 Qd8 37. Rec3 Bf5 38. Bxb5 Rd1+ 39. Kg2 Bxc2 40. Bxe8 Qd5+ 41. f3 Rd2+ 42. Kh3 Bf5+ 43. g4 Bxg4+ 44. Kg3 Be6 45. Qf4 Rd4 46. Qe3 Nc4 47. Qc1 Qd6+ 48. f4 Rd3+ 49. Rxd3 Qxd3+ 50. Kf2 Bg4 51. Bc6 Qe2+ 52. Kg3 Ne3 53. Qh1 Nf5# 0-1

[Event "Chiemgau Seniors Cup 1st"]
[Site "Bergen"]
[Date "2005.10.15"]
[Round "5"]
[White "Wieprecht, Gerhard"]
[Black "Ganslmayer, Herbert"]
[Result "1-0"]
[WhiteElo "1949"]
[BlackElo "2061"]
[PlyCount "95"]
[EventDate "2005.10.11"]
[EventType "swiss"]
[EventRounds "9"]
[EventCountry "GER"]
[SourceTitle "EXT 2007"]
[Source "ChessBase"]
[SourceDate "2006.11.23"]
[SourceVersion "1"]
[SourceVersionDate "2006.11.23"]
[SourceQuality "1"]

1. e4 g6 2. d4 Bg7 3. Nf3 d6 4. Nc3 Nf6 5. Be2 0-0 6. 0-0 Nc6 7. h3 e5 8. Bg5 h6 9. Be3 exd4 10. Nxd4 Nxd4 11. Bxd4 Re8 12. f3 Be6 13. Qd2 Qd7 14. Kh2 Kh7 15. Rad1 Nh5 16. Bxg7 Nxg7 17. f4 Rad8 18. Bf3 c6 19. Rfe1 Qc7 20. Qf2 b6 21. a3 Re7 22. e5 Red7 23. Ne4 Ne8 24. exd6 Qc8 25. Qh4 Kg7 26. g4 Bd5 27. f5 Bxe4 28. Bxe4 Nxd6 29. f6+ Kh7 30. g5 h5 31. Qxh5+ Kg8 32. Qh6 Nf5 33. Bxf5 Rd2+ 34. Rxd2 Rxd2+ 35. Kh1 Qf8 36. Qxf8+ Kxf8 37. Bd3 c5 38. Re2 Rd1+ 39. Kg2 Rb1 40. Bb5 Kg8 41. c3 Rd1 42. Kg3 Rd6 43. Re8+ Kh7 44. Re7 Kg8 45. Bc4 Rd2 46. Rxf7 Kh8 47. Rf8+ Kh7 48. f7 1-0

[Event "Chiemgau Seniors Cup 1st"]
[Site "Bergen"]
[Date "2005.10.12"]
[Round "3"]
[White "Winter, Bernd"]
[Black "Wieprecht, Gerhard"]
[Result "1/2-1/2"]
[WhiteElo "1919"]
[BlackElo "1949"]
[PlyCount "80"]
[EventDate "2005.10.11"]
[EventType "swiss"]
[EventRounds "9"]
[EventCountry "GER"]
[SourceTitle "EXT 2007"]
[Source "ChessBase"]
[SourceDate "2006.11.23"]
[SourceVersion "1"]
[SourceVersionDate "2006.11.23"]
[SourceQuality "1"]

1. e4 e5 2. Nf3 Nc6 3. Bb5 a6 4. Ba4 Nf6 5. 0-0 Be7 6. Re1 b5 7. Bb3 d6 8. c3 0-0 9. d4 Bg4 10. Bd5 Nxd5 11. exd5 Nb8 12. dxe5 dxe5 13. Rxe5 Nd7 14. Re1 Nf6 15. Bg5 Qd6 16. h3 Bh5 17. Bxf6 Bxf6 18. g4 Bg6 19. g5 Bd8 20. Qd4 Bh5 21. Nbd2 c5 22. dxc6 Qxc6 23. Ne5 Qc8 24. Qh4 Bg6 25. Nxg6 hxg6 26. Ne4 Qf5 27. Qg3 Bb6 28. Kg2 Rfe8 29. f3 Rad8 30. Rad1 Rxd1 31. Rxd1 Rxe4 32. fxe4 Qxe4+ 33. Qf3 Qc2+ 34. Kg3 Bc7+ 35. Kh4 Qa4+ 36. Rd4 Qc2 37. Rd7 Be5 38. Re7 f6 39. Rxe5 fxe5 40. Qd5+ Kh7 1/2-1/2

[Event "Hessen-ch Seniors op 01st"]
[Site "Bad Sooden-Allendorf"]
[Date "2005.04.22"]
[Round "1"]
[White "Ludwig, Egbert"]
[Black "Wieprecht, Gerhard"]
[Result "0-1"]
[WhiteElo "1242"]
[BlackElo "1709"]
[PlyCount "98"]
[EventDate "2005.04.22"]
[EventType "swiss"]
[EventRounds "9"]
[EventCountry "GER"]
[SourceTitle "EXT 2007"]
[Source "ChessBase"]
[SourceDate "2006.11.23"]
[SourceVersion "1"]
[SourceVersionDate "2006.11.23"]
[SourceQuality "1"]

1. d4 Nf6 2. Nf3 e6 3. g3 c5 4. Bg2 Nc6 5. e3 d5 6. c4 cxd4 7. cxd5 exd5 8. exd4 Bb4+ 9. Bd2 Bxd2+ 10. Nbxd2 0-0 11. 0-0 Bg4 12. Qb3 b6 13. Rac1 Rc8 14. Qa4 Na5 15. Ne5 Be2 16. Rfe1 Ba6 17. b4 Nc4 18. Qxa6 Nxd2 19. Rxc8 Qxc8 20. Qxc8 Rxc8 21. Bh3 Rc2 22. b5 g6 23. Nc6 Nf3+ 24. Kf1 Nxe1 25. Kxe1 Ne4 26. f3 Nd6 27. a4 f5 28. f4 Kf7 29. Bg2 Ne4 30. Bf3 Ke6 31. Nd8+ Kd6 32. Nc6 Rxc6 33. bxc6 Kxc6 34. Bd1 a6 35. Bb3 b5 36. a5 Nd6 37. Kd2 Nc4+ 38. Kc3 Nxa5 39. Kb4 Nxb3 40. Kxb3 a5 41. Ka3 b4+ 42. Ka4 Kb6 43. h3 h5 44. h4 Ka6 45. Kb3 Kb5 46. Kc2 Kc4 47. Kb2 a4 48. Kc2 a3 49. Kb1 Kxd4 0-1

[Event "GER-ch Seniors 15th"]
[Site "Bad Wiessee"]
[Date "2003.05.18"]
[Round "9"]
[White "Gudat, Alfons"]
[Black "Wieprecht, Gerhard"]
[Result "1-0"]
[WhiteElo "2057"]
[BlackElo "2205"]
[PlyCount "91"]
[EventDate "2003.05.??"]
[EventType "swiss"]
[EventRounds "9"]
[EventCountry "GER"]
[SourceTitle "EXT 2006"]
[Source "ChessBase"]
[SourceDate "2005.11.24"]
[SourceVersion "1"]
[SourceVersionDate "2005.11.24"]
[SourceQuality "1"]

1. e4 c5 2. Nf3 Nc6 3. Bb5 d6 4. 0-0 Nf6 5. Re1 e5 6. c3 Qc7 7. d3 Be7 8. Nbd2 0-0 9. Nf1 a6 10. Ba4 h6 11. Ng3 Bd7 12. a3 Rad8 13. Nh4 d5 14. Nhf5 dxe4 15. Bxc6 Bxc6 16. Nxg7 Rxd3 17. Qe2 Kxg7 18. Nf5+ Kh7 19. Bxh6 Rg8 20. Be3 Qd7 21. Ng3 c4 22. h3 b5 23. Kh2 Qe6 24. Nh5 Rxe3 25. fxe3 Nxh5 26. Qxh5+ Qh6 27. Qxf7+ Rg7 28. Qf5+ Kh8 29. Rad1 Rg5 30. Qc8+ Rg8 31. Qc7 Qg7 32. g4 Be8 33. Rd5 Qf6 34. Kg1 Bc6 35. Rf1 Bxd5 36. Rxf6 Bxf6 37. Qd6 Be6 38. Qxe6 Rf8 39. Kg2 Kg7 40. Qxa6 Bh4 41. Qxb5 Rf2+ 42. Kg1 Kf6 43. Qc6+ Kg5 44. Qxe4 Kf6 45. g5+ Ke6 46. Qxc4+ 1-0